[Event "28th Africa-ch U20"]
[Site "Hammamet TUN"]
[Date "2016.11.26"]
[Round "1"]
[White "Mulenga, Chileshe Rapheal"]
[Black "Silva, David"]
[Result "0-1"]
[WhiteElo "1915"]
[BlackElo "2256"]
[EventDate "2016.11.26"]
[PlyCount "60"]

1.e4 c5 2.Nf3 Nc6 3.d4 cxd4 4.Nxd4 Nf6 5.Nc3 e5 6.Ndb5 d6 7.Bg5 a6 8.Bxf6 
gxf6 9.Na3 b5 10.Nd5 Bg7 11.c4 O-O 12.cxb5 Nd4 13.Bd3 f5 14.O-O Be6 15.f3 
fxe4 16.fxe4 f5 17.Nc3 fxe4 18.Nxe4 d5 19.Qh5 Bf5 20.Nf2 e4 21.Be2 Bg6 22.
Qxd5+ Qxd5 23.Bc4 Qxc4 24.Nxc4 Nc2 25.Rac1 e3 26.Rxc2 exf2+ 27.Rcxf2 Bd4 
28.Ne5 Rxf2 29.Rxf2 Rf8 30.Nf3 Be3 0-1

[Event "28th Africa-ch U20"]
[Site "Hammamet TUN"]
[Date "2016.11.26"]
[Round "1"]
[White "Nassr, Ali"]
[Black "Naser Eldean, Ahmed"]
[Result "1-0"]
[WhiteElo "2221"]
[BlackElo "1880"]
[EventDate "2016.11.26"]
[PlyCount "63"]

1.d4 Nf6 2.Nf3 g6 3.Bf4 Bg7 4.e3 O-O 5.h3 c5 6.c3 Qb6 7.Qc1 d5 8.Nbd2 Nc6 
9.Be2 Nd7 10.O-O e5 11.dxe5 Ndxe5 12.Rd1 Be6 13.Qc2 Rac8 14.Ng5 Rfd8 15.
Nxe6 fxe6 16.Rab1 Nf7 17.e4 Ne7 18.exd5 exd5 19.Bg4 Ra8 20.Re1 Qf6 21.Bc7 
Re8 22.Re6 Qg5 23.Nf3 Qh6 24.Rbe1 Bf8 25.R6e2 Ng5 26.Nxg5 Qxg5 27.Bd7 Rec8
28.Be6+ Kg7 29.Be5+ Kh6 30.h4 Qxh4 31.Bxc8 Rxc8 32.Re3 1-0

[Event "28th Africa-ch U20"]
[Site "Hammamet TUN"]
[Date "2016.11.26"]
[Round "1"]
[White "Atia, Mohamed"]
[Black "Aguiar, Cristiano"]
[Result "0-1"]
[WhiteElo "1832"]
[BlackElo "2205"]
[EventDate "2016.11.26"]
[PlyCount "65"]

1.e4 e5 2.Nf3 Nc6 3.Bb5 a6 4.Bxc6 dxc6 5.O-O Bg4 6.d4 Bxf3 7.Qxf3 exd4 8.
c3 c5 9.Rd1 Ne7 10.Qg3 Qd7 11.Bf4 O-O-O 12.cxd4 cxd4 13.Nc3 Ng6 14.Nd5 
Nxf4 15.Qxf4 Bd6 16.Qc1 Kb8 17.Rxd4 c6 18.Nf4 Qg4 19.e5 Bxe5 20.Rb4 Bd6 
21.Rc4 Rhe8 22.h3 Qf5 23.Qb1 Qe5 24.g3 g5 25.Nd3 Qe6 26.Rg4 f5 27.Rxg5 Qf6
28.Qc1 Bc7 29.Nb4 f4 30.Qc5 fxg3 31.fxg3 Re2 32.Nd3 Rxd3 33.Rg8+ 0-1

[Event "28th Africa-ch U20"]
[Site "Hammamet TUN"]
[Date "2016.11.26"]
[Round "1"]
[White "Hbacha, Achraf"]
[Black "Ben Brahem, Aymen"]
[Result "1-0"]
[WhiteElo "2057"]
[BlackElo "1733"]
[EventDate "2016.11.26"]
[PlyCount "73"]

1.d4 Nf6 2.Bg5 Ne4 3.Bf4 c5 4.c3 d5 5.e3 Nc6 6.Nd2 Nxd2 7.Qxd2 Bf5 8.Nf3 
e6 9.Bd3 Bxd3 10.Qxd3 Bd6 11.Qb5 Bxf4 12.Qxb7 Qc8 13.Qxc8+ Rxc8 14.exf4 
cxd4 15.cxd4 Rb8 16.O-O-O Ke7 17.Rhe1 Kf6 18.Re3 Na5 19.Ne5 Rhc8+ 20.Kb1 
Rb7 21.f3 Nc4 22.Nxc4 Rxc4 23.b3 Rc6 24.Rc1 Rbc7 25.Rxc6 Rxc6 26.Kb2 Rc7 
27.g3 Ke7 28.Rc3 Rb7 29.Rc8 Kd7 30.Rh8 h6 31.Rh7 Rb4 32.Kc3 Rb8 33.Rxg7 
Rc8+ 34.Kb2 Ke7 35.Rh7 a5 36.a4 Rc7 37.Rxh6 1-0

[Event "28th Africa-ch U20"]
[Site "Hammamet TUN"]
[Date "2016.11.26"]
[Round "1"]
[White "Aloulou, Mahmoud"]
[Black "Nassr, Ahmed"]
[Result "0-1"]
[WhiteElo "1722"]
[BlackElo "2052"]
[EventDate "2016.11.26"]
[PlyCount "84"]

1.e4 c5 2.Nf3 Nc6 3.d4 cxd4 4.Nxd4 Nf6 5.Nc3 e5 6.Ndb5 d6 7.Bg5 a6 8.Na3 
b5 9.Nd5 Be7 10.Bxf6 Bxf6 11.c3 Bg5 12.Nc2 O-O 13.h4 Bh6 14.g4 Bf4 15.Qf3 
Re8 16.Be2 Bb7 17.Rd1 Ne7 18.Nxe7+ Rxe7 19.Nb4 Rc8 20.Nd5 Re6 21.g5 h6 22.
Qh3 Bxd5 23.exd5 Re8 24.a3 Rc5 25.gxh6 Bxh6 26.Rg1 e4 27.Qf5 Re5 28.Qg4 
Qe7 29.Rg2 Rexd5 30.Rxd5 Rxd5 31.Qc8+ Kh7 32.Qxa6 Qxh4 33.Qc8 Qh1+ 34.Bf1 
Rd1+ 35.Kxd1 Qxf1+ 36.Kc2 Qxg2 37.Qf5+ Qg6 38.Qxg6+ Kxg6 39.b3 d5 40.a4 
bxa4 41.bxa4 Bf4 42.a5 Bc7 0-1

[Event "28th Africa-ch U20"]
[Site "Hammamet TUN"]
[Date "2016.11.26"]
[Round "1"]
[White "Mohammed, Naoueli"]
[Black "Bouchamla, Alaa"]
[Result "0-1"]
[WhiteElo "2044"]
[BlackElo "1670"]
[EventDate "2016.11.26"]
[PlyCount "100"]

1.e4 e6 2.d4 d5 3.Nd2 Nf6 4.e5 Nfd7 5.Bd3 c5 6.c3 Nc6 7.Ne2 f6 8.Nf4 Qe7 
9.Qh5+ Qf7 10.Bg6 hxg6 11.Qxh8 fxe5 12.Ne2 exd4 13.Nf3 dxc3 14.Nxc3 Nde5 
15.Nxe5 Nxe5 16.O-O Nd3 17.Bg5 Bd7 18.Rad1 c4 19.b3 b5 20.a4 Qf5 21.bxc4 
bxc4 22.Qh4 Bb4 23.Ne2 Bxa4 24.Ng3 Qf8 25.Qg4 Qf7 26.Rxd3 cxd3 27.Qxb4 Qd7
28.Ra1 Bc2 29.Ra6 e5 30.Rd6 Qf7 31.Qb5+ Kf8 32.Qxd5 Qxd5 33.Rxd5 a5 34.
Rxe5 a4 35.Ne4 a3 36.Be7+ Kf7 37.Bxa3 Rxa3 38.h3 Ra1+ 39.Kh2 Kg8 40.Rd5 
Re1 41.Ng5 Kf8 42.Kg3 Ra1 43.Nf3 Ra4 44.Ne5 Ke8 45.f3 Ra3 46.Kf2 Ra2 47.
Ke3 Bb1 48.Nxg6 Re2+ 49.Kf4 d2 50.Ne5 Bc2 0-1

[Event "28th Africa-ch U20"]
[Site "Hammamet TUN"]
[Date "2016.11.26"]
[Round "1"]
[White "Baktache, Hamza"]
[Black "Houimel, Omar"]
[Result "0-1"]
[WhiteElo "1632"]
[BlackElo "1980"]
[EventDate "2016.11.26"]
[PlyCount "38"]

1.d4 Nf6 2.Nf3 e6 3.g3 b6 4.Bg2 Bb7 5.O-O Be7 6.c4 O-O 7.Nc3 d6 8.Qc2 Nbd7
9.e4 e5 10.h3 Re8 11.Be3 Bf8 12.dxe5 dxe5 13.Rfd1 Qc8 14.Nd5 Nxd5 15.cxd5 
a5 16.Rac1 Nc5 17.Ne1 Ba6 18.Kh2 Bd6 19.a3 a4 0-1

[Event "28th Africa-ch U20"]
[Site "Hammamet TUN"]
[Date "2016.11.27"]
[Round "2"]
[White "Silva, David"]
[Black "Hbacha, Achraf"]
[Result "0-1"]
[WhiteElo "2256"]
[BlackElo "2057"]
[EventDate "2016.11.26"]
[PlyCount "98"]

1.e4 c6 2.Nf3 d5 3.Nc3 Bg4 4.h3 Bxf3 5.Qxf3 e6 6.g3 Nd7 7.d4 Bb4 8.Bg2 
Ngf6 9.e5 Ne4 10.O-O Bxc3 11.bxc3 Qa5 12.Qg4 Qxc3 13.Be3 Nd2 14.Bxd2 Qxd2 
15.Qxg7 Rf8 16.Rfd1 Qxc2 17.Qg5 f6 18.exf6 Nxf6 19.Rd2 Qf5 20.Qe3 O-O-O 
21.Rb2 Rf7 22.g4 Qg6 23.Qxe6+ Nd7 24.Qe3 Nb6 25.Bf1 Rdf8 26.a4 Rf3 27.Qe7 
Qf6 28.Qxf6 R8xf6 29.a5 Nc4 30.Rc2 Kc7 31.Re2 Rf7 32.a6 b5 33.Re8 Nd6 34.
Ra8 Nc8 35.Bxb5 cxb5 36.Rc1+ Kb6 37.Rb8+ Ka5 38.Ra1+ Kb4 39.Rxc8 Rxf2 40.
Rc5 Rb2 41.Rf1 Rxf1+ 42.Kxf1 Ra2 43.Rc6 Kb3 44.g5 b4 45.h4 Rc2 46.Rd6 Kc4 
47.Ke1 b3 48.Kd1 Rh2 49.Kc1 b2+ 0-1

[Event "28th Africa-ch U20"]
[Site "Hammamet TUN"]
[Date "2016.11.27"]
[Round "2"]
[White "Nassr, Ahmed"]
[Black "Nassr, Ali"]
[Result "0-1"]
[WhiteElo "2052"]
[BlackElo "2221"]
[EventDate "2016.11.26"]
[PlyCount "46"]

1.e4 e6 2.d4 d5 3.Nd2 Nf6 4.e5 Nfd7 5.Bd3 c5 6.c3 Nc6 7.Ne2 cxd4 8.cxd4 f6
9.exf6 Nxf6 10.Nf3 Bd6 11.O-O Qc7 12.g3 O-O 13.Bf4 Ng4 14.a3 Bxf4 15.Nxf4 
Rxf4 16.gxf4 Qxf4 17.Bb5 e5 18.dxe5 Ncxe5 19.Qxd5+ Be6 20.Qxe6+ Kh8 21.
Qxe5 Nxe5 22.Nxe5 Qxe5 23.Bd3 Qg5+ 0-1

[Event "28th Africa-ch U20"]
[Site "Hammamet TUN"]
[Date "2016.11.27"]
[Round "2"]
[White "Aguiar, Cristiano"]
[Black "Houimel, Omar"]
[Result "1-0"]
[WhiteElo "2205"]
[BlackElo "1980"]
[EventDate "2016.11.26"]
[PlyCount "89"]

1.e4 c5 2.Nf3 Nc6 3.Bb5 e6 4.O-O Nge7 5.Re1 a6 6.Bf1 d5 7.exd5 Nxd5 8.d4 
Nf6 9.Be3 cxd4 10.Nxd4 Nxd4 11.Qxd4 Qxd4 12.Bxd4 Be7 13.c4 O-O 14.Nc3 Bd7 
15.Rad1 Bc6 16.a3 a5 17.Rb1 a4 18.Na2 Ne4 19.Red1 Bf6 20.f3 Bxd4+ 21.Rxd4 
Nc5 22.Nb4 Rfd8 23.Rbd1 Rxd4 24.Rxd4 Kf8 25.f4 Ke7 26.Kf2 Rd8 27.Rxd8 Kxd8
28.Nxc6+ bxc6 29.Ke3 Ke7 30.Be2 Kd6 31.Bd1 e5 32.fxe5+ Kxe5 33.Bf3 Kd6 34.
Kd4 f5 35.Bd1 g6 36.Bc2 Ne6+ 37.Ke3 Nc5 38.Kd4 Ne6+ 39.Kc3 Nc5 40.Kb4 f4 
41.h4 Nd7 42.Kxa4 Kc5 43.Kb3 Ne5 44.Kc3 Nxc4 45.b4+ 1-0

[Event "28th Africa-ch U20"]
[Site "Hammamet TUN"]
[Date "2016.11.27"]
[Round "2"]
[White "Ben Brahem, Aymen"]
[Black "Mohammed, Naoueli"]
[Result "1/2-1/2"]
[WhiteElo "1733"]
[BlackElo "2044"]
[EventDate "2016.11.26"]
[PlyCount "81"]

1.e4 c5 2.Nc3 d6 3.Bc4 Nf6 4.d3 Nc6 5.f4 e6 6.Nf3 a6 7.O-O d5 8.Bb3 b5 9.
a4 b4 10.exd5 exd5 11.Ne2 Bd6 12.Qe1 O-O 13.h3 Re8 14.Qf2 Ra7 15.Bd2 Rae7 
16.Rae1 c4 17.Ba2 Qa5 18.b3 Bc5 19.d4 Ne4 20.Qh4 Nxd2 21.Nxd2 Rxe2 22.dxc5
Qxc5+ 23.Kh1 Bd7 24.bxc4 Rxd2 25.Rxe8+ Bxe8 26.Qe1 Rxc2 27.Qxe8+ Qf8 28.
Qxc6 Rxa2 29.Re1 b3 30.Re8 b2 31.Rxf8+ Kxf8 32.Qc8+ Ke7 33.Qb7+ Kf6 34.Kh2
dxc4 35.Qxa6+ Ke7 36.Qb7+ Kd6 37.Qb4+ Kd5 38.Qa5+ Kd4 39.Qd2+ Kc5 40.Qa5+ 
Kd4 41.Qd2+ 1/2-1/2

[Event "28th Africa-ch U20"]
[Site "Hammamet TUN"]
[Date "2016.11.27"]
[Round "2"]
[White "Naser Eldean, Ahmed"]
[Black "Aloulou, Mahmoud"]
[Result "1-0"]
[WhiteElo "1880"]
[BlackElo "1722"]
[EventDate "2016.11.26"]
[PlyCount "55"]

1.e4 e5 2.Nf3 Nc6 3.Bb5 a6 4.Ba4 Nf6 5.O-O Be7 6.Re1 b5 7.Bb3 d6 8.c3 O-O 
9.h3 Na5 10.Bc2 c5 11.d4 Nd7 12.Nbd2 Qc7 13.Nf1 Nb6 14.Ng3 g6 15.Bh6 Re8 
16.d5 c4 17.Nh2 Nb7 18.f4 Qc5+ 19.Kh1 b4 20.Qf3 bxc3 21.bxc3 Bf6 22.f5 Bg7
23.Ng4 Nd7 24.Rf1 Nd8 25.Ba4 f6 26.fxg6 Rf8 27.Nf5 Bxh6 28.Ngxh6+ 1-0

[Event "28th Africa-ch U20"]
[Site "Hammamet TUN"]
[Date "2016.11.27"]
[Round "2"]
[White "Baktache, Hamza"]
[Black "Atia, Mohamed"]
[Result "0-1"]
[WhiteElo "1632"]
[BlackElo "1832"]
[EventDate "2016.11.26"]
[PlyCount "58"]

1.d4 Nf6 2.Nf3 e6 3.c4 Bb4+ 4.Bd2 Qe7 5.g3 b6 6.Bg2 Bb7 7.O-O Bxd2 8.Nbxd2
O-O 9.Qb3 d6 10.Rac1 c5 11.dxc5 dxc5 12.Rfd1 Rd8 13.Nb1 Nc6 14.e3 Ne4 15.
Nc3 Nd6 16.Nb5 Na5 17.Qa4 Naxc4 18.Nxd6 Nxd6 19.Ne5 Bxg2 20.Kxg2 Rac8 21.
Kg1 Qb7 22.Rd2 f6 23.Ng4 h5 24.Rcd1 Qe7 25.Qf4 Nf7 26.Rxd8+ Rxd8 27.Rxd8+ 
Qxd8 28.Nxf6+ gxf6 29.g4 Qd1+ 0-1

[Event "28th Africa-ch U20"]
[Site "Hammamet TUN"]
[Date "2016.11.27"]
[Round "3"]
[White "Nassr, Ali"]
[Black "Hbacha, Achraf"]
[Result "1-0"]
[WhiteElo "2221"]
[BlackElo "2057"]
[EventDate "2016.11.26"]
[PlyCount "129"]

1.d4 d5 2.Bf4 c6 3.e3 Bf5 4.c4 e6 5.Nc3 Nf6 6.Nf3 Nbd7 7.h3 h6 8.a3 Be7 9.
Be2 O-O 10.c5 Ne4 11.Nxe4 Bxe4 12.b4 Bf6 13.O-O Re8 14.Ra2 e5 15.Bg3 Bxf3 
16.Bxf3 exd4 17.exd4 b5 18.a4 a6 19.Qd3 Qc8 20.Rfa1 Qb7 21.Bf4 Nf8 22.Be3 
Ne6 23.Bg4 Rab8 24.Qd2 Ra8 25.Bf5 Kf8 26.Ra3 Nc7 27.Bc2 bxa4 28.Rxa4 Ra7 
29.Qd3 Rea8 30.Bf4 Nb5 31.Re1 g6 32.Bxh6+ Kg8 33.Be3 a5 34.Rb1 Qd7 35.bxa5
Rxa5 36.Rxa5 Rxa5 37.Bd1 Ra3 38.Qd2 Qa7 39.Be2 Ra1 40.Rf1 Rxf1+ 41.Bxf1 
Qa1 42.g3 Bxd4 43.Kg2 Bc3 44.Qe2 Nc7 45.h4 Qb1 46.Kh2 Qe4 47.Bg2 Qe7 48.
Qc2 Be5 49.Bg5 Qe8 50.Qa4 Qa8 51.Qg4 Qe8 52.Be3 Ne6 53.Qa4 Qd7 54.Bf3 f5 
55.Kg2 Qc7 56.h5 g5 57.Qa8+ Kf7 58.h6 g4 59.Be2 Nd8 60.Bg5 Bf6 61.h7 Qe5 
62.h8=Q Bxh8 63.Qxd8 Bf6 64.Bxf6 Qxf6 65.Qd7+ 1-0

[Event "28th Africa-ch U20"]
[Site "Hammamet TUN"]
[Date "2016.11.27"]
[Round "3"]
[White "Bouchamla, Alaa"]
[Black "Aguiar, Cristiano"]
[Result "0-1"]
[WhiteElo "1670"]
[BlackElo "2205"]
[EventDate "2016.11.26"]
[PlyCount "100"]

1.e4 e5 2.Nf3 Nc6 3.Bb5 a6 4.Bxc6 dxc6 5.d4 exd4 6.Qxd4 Qxd4 7.Nxd4 Bd7 8.
O-O O-O-O 9.Be3 Nf6 10.f3 b6 11.c4 c5 12.Ne2 Be6 13.b3 Bd6 14.Bf4 Bxf4 15.
Nxf4 g5 16.Ne2 Rd3 17.Nbc3 Rhd8 18.Rad1 Rxd1 19.Rxd1 Rxd1+ 20.Nxd1 b5 21.
Ne3 Kb7 22.Nc3 c6 23.Kf2 Kb6 24.Ke2 Nd7 25.Ncd1 bxc4 26.bxc4 Ka5 27.Kd3 
Ka4 28.Kc3 Ka3 29.g3 Kxa2 30.f4 gxf4 31.gxf4 f5 32.Nxf5 Bxf5 33.exf5 a5 
34.Nb2 Kb1 35.Kb3 Kc1 36.Kc3 Nf6 37.Nd3+ Kd1 38.Nxc5 Ke2 39.Kd4 Kf3 40.Ke5
Ng4+ 41.Ke6 Kxf4 42.f6 Nh6 43.f7 Nxf7 44.Kxf7 Kf3 45.Kg7 h5 46.Kh6 h4 47.
Nd3 h3 48.Kg5 a4 49.c5 a3 50.Kh4 a2 0-1

[Event "28th Africa-ch U20"]
[Site "Hammamet TUN"]
[Date "2016.11.27"]
[Round "3"]
[White "Houimel, Omar"]
[Black "Silva, David"]
[Result "1/2-1/2"]
[WhiteElo "1980"]
[BlackElo "2256"]
[EventDate "2016.11.26"]
[PlyCount "60"]

1.e4 g6 2.d4 Nf6 3.Nc3 d6 4.f3 c6 5.Be3 Nbd7 6.Qd2 b5 7.h4 Qa5 8.Nge2 Nb6 
9.Ng3 b4 10.Nd1 h5 11.Bd3 Bg7 12.O-O Nfd7 13.Ne2 Ba6 14.Bxa6 Qxa6 15.Qd3 
Qxd3 16.cxd3 O-O 17.Rc1 Rfc8 18.f4 c5 19.d5 c4 20.d4 Nf6 21.Nf2 a5 22.Bd2 
Ng4 23.Nxg4 hxg4 24.f5 Rab8 25.fxg6 fxg6 26.Bg5 Re8 27.Rf4 e6 28.dxe6 Rxe6
29.Rxg4 Ree8 30.e5 Nd7 1/2-1/2

[Event "28th Africa-ch U20"]
[Site "Hammamet TUN"]
[Date "2016.11.27"]
[Round "3"]
[White "Atia, Mohamed"]
[Black "Nassr, Ahmed"]
[Result "1-0"]
[WhiteElo "1832"]
[BlackElo "2052"]
[EventDate "2016.11.26"]
[PlyCount "73"]

1.e4 c5 2.Nf3 Nc6 3.d4 cxd4 4.Nxd4 Nf6 5.Nc3 e6 6.Ndb5 d6 7.Bf4 e5 8.Bg5 
a6 9.Bxf6 gxf6 10.Na3 b5 11.Nd5 f5 12.Bd3 Be6 13.Qh5 Bg7 14.c3 f4 15.g3 
fxg3 16.hxg3 Bxd5 17.exd5 Ne7 18.Qg4 Ng6 19.Nc2 Qf6 20.Ne3 Rb8 21.Nf5 Bf8 
22.Qb4 Kd7 23.Qa5 e4 24.Bxe4 Re8 25.Ne3 Rxe4 26.Qxa6 Qf3 27.Qxb5+ Ke7 28.
Qf1 Bg7 29.Kd2 Rb8 30.Kc2 Ne5 31.Re1 Ra4 32.Kb1 Qe4+ 33.Nc2 Qxd5 34.a3 Kf8
35.Nb4 Rbxb4 36.cxb4 Nd3 37.Qh3 1-0

[Event "28th Africa-ch U20"]
[Site "Hammamet TUN"]
[Date "2016.11.27"]
[Round "3"]
[White "Mohammed, Naoueli"]
[Black "Naser Eldean, Ahmed"]
[Result "1-0"]
[WhiteElo "2044"]
[BlackElo "1880"]
[EventDate "2016.11.26"]
[PlyCount "26"]

1.e4 c5 2.Nf3 d6 3.d4 cxd4 4.Nxd4 Nf6 5.Nc3 a6 6.Bc4 e6 7.Bb3 Be7 8.g4 b5 
9.g5 Nfd7 10.Bxe6 Bxg5 11.Bxf7+ Kxf7 12.Ne6 Qe7 13.Nxg5+ Kg8 1-0

[Event "28th Africa-ch U20"]
[Site "Hammamet TUN"]
[Date "2016.11.27"]
[Round "3"]
[White "Ben Brahem, Aymen"]
[Black "Mulenga, Chileshe Rapheal"]
[Result "0-1"]
[WhiteElo "1733"]
[BlackElo "1915"]
[EventDate "2016.11.26"]
[PlyCount "126"]

1.e4 e6 2.d3 c5 3.Nf3 Nc6 4.g3 d5 5.Nbd2 Nf6 6.Bg2 Be7 7.O-O O-O 8.c3 Qc7 
9.Re1 dxe4 10.dxe4 e5 11.Qc2 Be6 12.Bf1 a6 13.Ng5 Bg4 14.Be2 h6 15.Bxg4 
Nxg4 16.Ngf3 b5 17.Nf1 Rfd8 18.h3 Nf6 19.Ne3 c4 20.Nf5 Rd3 21.Kg2 Rad8 22.
b3 cxb3 23.axb3 Bf8 24.Qb2 a5 25.Re2 Kh7 26.Ne1 R3d7 27.Qc2 g6 28.Ne3 b4 
29.Nc4 bxc3 30.Qxc3 Bb4 31.Qe3 Ng8 32.Nb6 Rd6 33.Nd5 Qb7 34.Nc2 Qb5 35.
Ncxb4 Nxb4 36.Nxb4 axb4 37.Rd2 Rxd2 38.Bxd2 Rd3 39.Qe1 Rxb3 40.Rb1 Rxb1 
41.Qxb1 b3 42.Bc3 Ne7 43.Qd1 Qc4 44.Qe1 Nc6 45.h4 h5 46.Qe3 Nd4 47.g4 Nc2 
48.Qa7 Qxe4+ 49.f3 Ne3+ 50.Kf2 Nd1+ 51.Kg2 Qf4 52.Bxe5 Ne3+ 53.Kg1 Qxe5 
54.Qxf7+ Qg7 55.Qxb3 Qa1+ 56.Kf2 Qb2+ 57.Qxb2 Nd1+ 58.Kg3 Nxb2 59.Kf4 Kh6 
60.gxh5 Kxh5 61.Kg3 Nd3 62.Kh3 Ne5 63.f4 Nf3 0-1

[Event "28th Africa-ch U20"]
[Site "Hammamet TUN"]
[Date "2016.11.27"]
[Round "3"]
[White "Aloulou, Mahmoud"]
[Black "Baktache, Hamza"]
[Result "1-0"]
[WhiteElo "1722"]
[BlackElo "1632"]
[EventDate "2016.11.26"]
[PlyCount "39"]

1.d4 d5 2.c4 c6 3.Nc3 Nf6 4.cxd5 cxd5 5.Bf4 e6 6.e3 Be7 7.Bd3 O-O 8.h3 Nc6
9.Nf3 Bd7 10.O-O Rc8 11.Rc1 Na5 12.Ne5 Qb6 13.Qe2 Nc6 14.Bg5 Rfd8 15.Bxf6 
Bxf6 16.Bxh7+ Kxh7 17.Qh5+ Kg8 18.Qxf7+ Kh7 19.Nxd7 Rxd7 20.Qxd7 1-0

[Event "28th Africa-ch U20"]
[Site "Hammamet TUN"]
[Date "2016.11.28"]
[Round "4"]
[White "Hbacha, Achraf"]
[Black "Bouchamla, Alaa"]
[Result "1-0"]
[WhiteElo "2057"]
[BlackElo "1670"]
[EventDate "2016.11.26"]
[PlyCount "97"]

1.b3 Nf6 2.Bb2 e6 3.e3 d5 4.f4 b6 5.Nf3 Ba6 6.Bxa6 Nxa6 7.Ne5 c5 8.O-O Bd6
9.Kh1 Rc8 10.g4 Bxe5 11.Bxe5 O-O 12.g5 Ne8 13.Bb2 d4 14.Na3 e5 15.fxe5 
Qxg5 16.exd4 cxd4 17.Bxd4 f6 18.Qe2 Nac7 19.Qg2 Qxg2+ 20.Kxg2 fxe5 21.
Rxf8+ Kxf8 22.Bxe5 Nf6 23.c4 Ke7 24.d4 Ne6 25.d5 Nc5 26.Nb5 a5 27.Bc7 Nfd7
28.Re1+ Kf6 29.Bg3 g5 30.Rf1+ Kg6 31.Nd6 Rg8 32.Nf5 Re8 33.Nd4 h5 34.Re1 
Rxe1 35.Bxe1 Kf6 36.Bg3 Ne5 37.Nc6 Ned7 38.Bd6 Kf5 39.Kf3 Kf6 40.Be7+ Kf5 
41.Bd8 Nb7 42.Bc7 Kf6 43.a3 Nbc5 44.b4 axb4 45.axb4 Nd3 46.Ke3 Ne1 47.Ke4 
Nc2 48.Ne5 Nf8 49.c5 1-0

[Event "28th Africa-ch U20"]
[Site "Hammamet TUN"]
[Date "2016.11.28"]
[Round "4"]
[White "Silva, David"]
[Black "Atia, Mohamed"]
[Result "1-0"]
[WhiteElo "2256"]
[BlackElo "1832"]
[EventDate "2016.11.26"]
[PlyCount "99"]

1.e4 e6 2.d4 d5 3.Nd2 Nf6 4.e5 Nfd7 5.f4 c5 6.c3 Nc6 7.Ndf3 Qb6 8.g3 cxd4 
9.cxd4 Bb4+ 10.Kf2 Nf8 11.a3 Be7 12.b4 Bd7 13.Be3 Ng6 14.h4 Bf8 15.h5 Nge7
16.g4 Nd8 17.Bd3 Rc8 18.Ne2 a6 19.Rc1 Bb5 20.Rxc8 Nxc8 21.Qc2 Bxd3 22.Qxd3
Be7 23.f5 Kd7 24.h6 g6 25.f6 Bf8 26.Nc3 Qc6 27.Rc1 Nb6 28.Nd2 Nc4 29.Nxc4 
dxc4 30.Qe2 b5 31.Rd1 Kc8 32.d5 Qc7 33.Qf3 Nb7 34.d6 Qd7 35.Ne4 Qc6 36.Nc5
Qxf3+ 37.Kxf3 Nxc5 38.bxc5 Bxh6 39.c6 Bxe3 40.Kxe3 h5 41.gxh5 gxh5 42.Kd4 
h4 43.Kc5 Rd8 44.Kb6 c3 45.d7+ Rxd7 46.cxd7+ Kd8 47.Kc6 c2 48.Rc1 h3 49.
Rxc2 a5 50.Kd6 1-0

[Event "28th Africa-ch U20"]
[Site "Hammamet TUN"]
[Date "2016.11.28"]
[Round "4"]
[White "Houimel, Omar"]
[Black "Mohammed, Naoueli"]
[Result "1-0"]
[WhiteElo "1980"]
[BlackElo "2044"]
[EventDate "2016.11.26"]
[PlyCount "109"]

1.e4 c5 2.Nf3 d6 3.d4 cxd4 4.Nxd4 Nf6 5.Nc3 g6 6.Be3 Bg7 7.f3 O-O 8.Qd2 
Nc6 9.O-O-O d5 10.Kb1 Nxd4 11.e5 Nf5 12.exf6 Bxf6 13.Nxd5 Be6 14.Nxf6+ 
exf6 15.Bc5 Qxd2 16.Rxd2 Rfd8 17.Rxd8+ Rxd8 18.Bd3 Kg7 19.Bxa7 Nh4 20.Rg1 
Ra8 21.Bd4 Bxa2+ 22.Kc1 Be6 23.b3 Ra5 24.Be4 Bd5 25.Bc3 Rc5 26.Bd4 Ra5 27.
Bc3 Rc5 28.Bd4 Ra5 29.b4 Rb5 30.Bc5 Bc4 31.g3 f5 32.Bxb7 Rxb7 33.gxh4 Kf6 
34.f4 Bd5 35.Rd1 Ke6 36.c4 Be4 37.Rd6+ Ke7 38.Rxg6+ Ke8 39.Rd6 Rb8 40.Kb2 
Rd8 41.Rxd8+ Kxd8 42.Kc3 Kd7 43.Kd4 Kc6 44.Be7 Kd7 45.Bc5 Kc6 46.b5+ Kd7 
47.Kc3 Kc7 48.Kb4 Bd3 49.Bd4 Be4 50.Be5+ Kb7 51.c5 Bd3 52.c6+ Kb6 53.Bd4+ 
Kc7 54.Kc5 Kc8 55.b6 1-0

[Event "28th Africa-ch U20"]
[Site "Hammamet TUN"]
[Date "2016.11.28"]
[Round "4"]
[White "Nassr, Ahmed"]
[Black "Naser Eldean, Ahmed"]
[Result "1-0"]
[WhiteElo "2052"]
[BlackElo "1880"]
[EventDate "2016.11.26"]
[PlyCount "89"]

1.d4 Nf6 2.Nf3 e6 3.Bf4 d5 4.e3 Bd6 5.Bg3 Ne4 6.Nbd2 Nxg3 7.hxg3 Nd7 8.e4 
c5 9.e5 Be7 10.c3 b6 11.Qb1 h6 12.g4 Bb7 13.Rh5 g6 14.Rh3 Kf8 15.Bd3 Kg7 
16.Ke2 a5 17.Qh1 Ba6 18.Bxa6 Rxa6 19.Qh2 Rh7 20.Rh1 Qh8 21.g5 h5 22.g4 Nf8
23.Qf4 hxg4 24.Qxg4 c4 25.Nf1 b5 26.Ne3 b4 27.Rxh7+ Nxh7 28.Qh4 Kf8 29.
Qxh7 Qxh7 30.Rxh7 bxc3 31.bxc3 Rb6 32.Rh8+ Kg7 33.Re8 Rb2+ 34.Kf1 Bf8 35.
Ng4 Rxa2 36.Ra8 a4 37.Nf6 a3 38.Nh2 Rb2 39.Kg2 a2 40.Nhg4 Rb3 41.Rxa2 Rxc3
42.Ra7 Ra3 43.Ne8+ Kg8 44.Ngf6+ Kh8 45.Rxf7 1-0

[Event "28th Africa-ch U20"]
[Site "Hammamet TUN"]
[Date "2016.11.28"]
[Round "4"]
[White "Mulenga, Chileshe Rapheal"]
[Black "Aloulou, Mahmoud"]
[Result "1-0"]
[WhiteElo "1915"]
[BlackElo "1722"]
[EventDate "2016.11.26"]
[PlyCount "86"]

1.e4 e5 2.Nf3 Nc6 3.Bc4 Bc5 4.O-O Nf6 5.d3 d6 6.c3 O-O 7.b4 Bb6 8.Bg5 Be6 
9.Nbd2 Nb8 10.Qb3 Bxc4 11.Nxc4 Nbd7 12.Rad1 Qe7 13.Nh4 Qe6 14.a4 a6 15.Qc2
Ba7 16.Be3 g6 17.Bxa7 Rxa7 18.f4 exf4 19.Qf2 Raa8 20.Qxf4 Qg4 21.Qf2 Rae8 
22.Ne3 Qe6 23.Nf3 Ng4 24.Qh4 f5 25.Ng5 Qe7 26.Nd5 Qg7 27.exf5 gxf5 28.Rde1
c6 29.Nf4 Qh6 30.Qxh6 Nxh6 31.Re6 Rxe6 32.Ngxe6 Re8 33.Rf3 Ne5 34.Rg3+ Kh8
35.d4 Neg4 36.h3 Nf6 37.Rg7 Nd5 38.Rxb7 Nxc3 39.Ng5 Kg8 40.Rxh7 Nxa4 41.
Nh5 Re1+ 42.Kf2 Rb1 43.Nf6+ Kf8 1-0

[Event "28th Africa-ch U20"]
[Site "Hammamet TUN"]
[Date "2016.11.28"]
[Round "4"]
[White "Baktache, Hamza"]
[Black "Ben Brahem, Aymen"]
[Result "0-1"]
[WhiteElo "1632"]
[BlackElo "1733"]
[EventDate "2016.11.26"]
[PlyCount "61"]

1.d4 Nf6 2.Nf3 g6 3.c4 Bg7 4.g3 O-O 5.Bg2 d6 6.O-O Nc6 7.Nc3 a6 8.e4 Rb8 
9.h3 Na5 10.c5 dxc5 11.dxc5 Nd7 12.Qa4 Nc6 13.Be3 e6 14.Rac1 Qe7 15.b4 
Nde5 16.Nxe5 Nxe5 17.Qb3 Bd7 18.Rfd1 Rfd8 19.a4 b5 20.a5 Nc4 21.Bf4 Bc6 
22.Nb1 Bd4 23.Na3 g5 24.Nxc4 bxc4 25.Qxc4 Bb5 26.Bd6 Bxf2+ 27.Kh1 cxd6 28.
Qc2 Be3 29.cxd6 Rxd6 30.Rxd6 Qxd6 31.Rd1 0-1

[Event "28th Africa-ch U20"]
[Site "Hammamet TUN"]
[Date "2016.11.30"]
[Round "5"]
[White "Hbacha, Achraf"]
[Black "Aguiar, Cristiano"]
[Result "1-0"]
[WhiteElo "2057"]
[BlackElo "2205"]
[EventDate "2016.11.26"]
[PlyCount "79"]

1.e4 e5 2.Nf3 Nc6 3.Bc4 Nf6 4.d3 Be7 5.c3 O-O 6.Bb3 d5 7.Qe2 dxe4 8.dxe4 
a5 9.O-O a4 10.Bc2 Bg4 11.Rd1 Qc8 12.h3 Bd7 13.Be3 Re8 14.Nbd2 g6 15.Nc4 
Bf8 16.Qd2 Bxh3 17.gxh3 Qxh3 18.Nh2 b5 19.Na3 Ng4 20.Nxg4 Qxg4+ 21.Kf1 
Qh3+ 22.Ke2 Qh5+ 23.Kf1 Qh3+ 24.Ke1 Qh1+ 25.Ke2 Qh6 26.f3 Qh2+ 27.Bf2 Bc5 
28.Qe1 Bxa3 29.bxa3 Na5 30.Qh1 Qf4 31.Qh4 Qxh4 32.Bxh4 Nc4 33.Rd7 Nxa3 34.
Bd3 c5 35.Bf2 Rac8 36.Rd5 c4 37.Bb1 b4 38.cxb4 c3 39.Bd3 c2 40.Rc5 1-0

[Event "28th Africa-ch U20"]
[Site "Hammamet TUN"]
[Date "2016.11.30"]
[Round "5"]
[White "Nassr, Ali"]
[Black "Houimel, Omar"]
[Result "1-0"]
[WhiteElo "2221"]
[BlackElo "1980"]
[EventDate "2016.11.26"]
[PlyCount "77"]

1.d4 Nf6 2.Nf3 e6 3.g3 b6 4.Bg2 Bb7 5.O-O d6 6.c4 Nbd7 7.Nc3 g6 8.Qc2 Bg7 
9.b3 O-O 10.Bb2 a6 11.Rfd1 Qe7 12.Rac1 Rad8 13.h3 c5 14.e4 e5 15.dxe5 dxe5
16.Re1 Rfe8 17.Rcd1 h6 18.Nd5 Nxd5 19.exd5 f5 20.d6 Qf8 21.Nh4 Bxg2 22.
Nxg6 Be4 23.Rxe4 Qf7 24.Ne7+ Kh8 25.Re3 e4 26.Bxg7+ Kxg7 27.Rd5 Nf6 28.
Nxf5+ Kh7 29.Rd1 Qe6 30.g4 h5 31.Qc3 Rg8 32.Kf1 hxg4 33.hxg4 Rxg4 34.Rh3+ 
Kg6 35.Ne7+ Kf7 36.Nc6 Re8 37.d7 Nxd7 38.Rxd7+ Qxd7 39.Rh7+ 1-0

[Event "28th Africa-ch U20"]
[Site "Hammamet TUN"]
[Date "2016.11.30"]
[Round "5"]
[White "Bouchamla, Alaa"]
[Black "Silva, David"]
[Result "0-1"]
[WhiteElo "1670"]
[BlackElo "2256"]
[EventDate "2016.11.26"]
[PlyCount "76"]

1.e4 e5 2.Nf3 Nc6 3.Bb5 a6 4.Bxc6 dxc6 5.d4 exd4 6.Qxd4 Qxd4 7.Nxd4 Bd7 8.
O-O O-O-O 9.Be3 Nf6 10.f3 Bd6 11.Nd2 c5 12.Ne2 Bb5 13.c4 Bd7 14.Bf4 Be6 
15.Rfd1 Be7 16.b3 Rd3 17.Nf1 Rhd8 18.Ne3 Nh5 19.Nd5 Rxd1+ 20.Rxd1 Bxd5 21.
Rxd5 Rxd5 22.exd5 Nxf4 23.Nxf4 b5 24.Kf2 Kb7 25.g3 Kb6 26.cxb5 axb5 27.a3 
c4 28.b4 Bf6 29.Ng2 Bb2 30.Ne1 Bxa3 31.Nc2 Bb2 32.Ke3 c6 33.dxc6 Kxc6 34.
Ke4 f5+ 35.Kxf5 Kd5 36.g4 c3 37.g5 g6+ 38.Kf6 Kc4 0-1